Roots of nationhood : the archaeology and history of Scotland /

12 papers from specialists covering a wide array of time periods and subject areas, this volume explores the links between identity and nationhood throughout the history of Scotland from the prehistory of northern Britain to the more recent heralding of Scottish identity as a multi-ethnic constructi...

وصف كامل

محفوظ في:

مؤلفون آخرون: Campbell, Louisa (المحرر), Wright, Dene (المحرر), Hall, Nicola A. (المحرر)

التنسيق: كتاب الكتروني

اللغة: English

منشور في: Summertown, Oxford : Archaeopress Publishing Ltd, 2018.

الموضوعات:

الوصول للمادة أونلاين: Login to view Source

الوسوم: إضافة وسم

لا توجد وسوم, كن أول من يضع وسما على هذه التسجيلة!

رقم الطلب: DA760

LEADER 01959nam a2200421 i 4500
001 EDZ0002019930
003 StDuBDS
005 20230412182317.0
006 m|||||o||d||||||||
007 cr |||||||||||
008 181030s2018 enka fo 000|0|eng|d
020 |a 9781784919832 (ebook) :  |c No price 
040 |a StDuBDS  |b eng  |c StDuBDS  |e rda  |e pn 
050 4 |a DA760 
082 0 4 |a 941.1  |2 23 
245 0 0 |a Roots of nationhood :  |b the archaeology and history of Scotland /  |c edited by Louisa Campbell, Dene Wright, Nicola A. Hall. 
264 1 |a Summertown, Oxford :  |b Archaeopress Publishing Ltd,  |c 2018. 
300 |a 1 online resource (ii, 210 pages) :  |b illustrations (black and white, and colour) 
336 |a text  |2 rdacontent 
336 |a still image  |2 rdacontent 
337 |a computer  |2 rdamedia 
338 |a online resource  |2 rdacarrier 
500 |a Previously issued in print: 2018. 
520 8 |a 12 papers from specialists covering a wide array of time periods and subject areas, this volume explores the links between identity and nationhood throughout the history of Scotland from the prehistory of northern Britain to the more recent heralding of Scottish identity as a multi-ethnic construction and the possibility of Scottish independence. 
521 |a Specialized. 
588 |a Description based on online resource; title from home page (viewed on February 27, 2019). 
651 0 |a Scotland  |x History. 
650 0 |a Nationalism  |z Scotland. 
651 0 |a Scotland  |x Antiquities. 
651 0 |a Scotland  |x Civilization. 
700 1 |a Campbell, Louisa,  |e editor. 
700 1 |a Wright, Dene,  |e editor. 
700 1 |a Hall, Nicola A.,  |e editor. 
776 0 8 |i Print version :  |z 9781784919825 
856 4 0 |3 Archaeopress  |u http://library.arce.org:8087/Archaeopress/Products/9781784919825 
942 |2 lcc  |c EBOOK 
952 |0 0  |1 0  |4 0  |6 DA0760  |7 1  |9 46449  |a ARCH  |b ARCH  |d 2023-04-12  |l 0  |o DA760  |r 2023-04-12 00:00:00  |w 2023-04-12  |y EBOOK 
999 |c 52107  |d 52107